000 00266nam a22001097a 4500
005 20260327113458.0
100 _aNirmmalkumar
245 _aKera pariseelanaparipadi sankhadippichu
260 _bRubber, 718(March): 21-22. 2026
700 _aDeepa Sukumar
942 _cJS
999 _c75896
_d75896